Ο λύκος της Σπάρτης : ιστορικό μυθιστόρημα

Αποθηκεύτηκε σε:
Λεπτομέρειες βιβλιογραφικής εγγραφής
Κύριος συγγραφέας: Αντωνιάδης, Αντώνης
Μορφή: Βιβλίο
Γλώσσα:Greek
Δημοσίευση: Αθήνα : Ψυχής τα λαμπυρίσματα, 2009
Έκδοση:2η έκδ.
Θέματα:
Ετικέτες: Προσθήκη ετικέτας
Δεν υπάρχουν, Καταχωρήστε ετικέτα πρώτοι!

MARC

LEADER 00000cam a2200000 i 4500
001 1/3309
008 100118s2009 gre d
020 |a 978-960-87942-6-9 
035 |l 10106329 
040 |a GR-MY-UA  |b gre  |e aacr 
041 0 |a gre 
082 0 |a 889.334  |2 (22) 
100 1 |a Αντωνιάδης, Αντώνης. 
245 1 2 |a Ο λύκος της Σπάρτης :  |b ιστορικό μυθιστόρημα /  |c Αντώνης Αντωνιάδης 
250 |a 2η έκδ. 
260 |a Αθήνα :   |b Ψυχής τα λαμπυρίσματα,   |c 2009 
300 |a 394 σ.;  |c 21 εκ. 
650 0 0 |a Historical fiction, Greek (Modern) 
651 0 |a Greece  |x History  |x Fiction. 
651 0 |a Sparta (Greece)  |x History. 
852 |a INST  |b RHODES  |e 20100118  |h 889.334 ΑΝΤ  |p 005400032305  |q 005400032305  |t BK  |y 0 
901 |a BIBL4-2010-1 
909 |a Ρ  |b 159538 
970 |a ΚΟΖΑ  |b ΜΑΡΙΑ  |z 2010/01/18